000 00294nam a2200121Ia 4500
005 20250423101243.0
008 250422s9999 xx 000 0 und d
020 _a1-932099-66-2
245 4 _aThe Farewell Sermon of Prophet Muhammad
260 _bThe Light Inc.
260 _c2004
942 _cBK
999 _c35754
_d35754